[Event "Helsingor Xtracon op"]
[Site "Helsingor"]
[Date "2019.07.27"]
[Round "9"]
[White "Gjelstrup, Ole"]
[Black "Hojgaard, Brandur"]
[Result "0-1"]
[WhiteElo "1544"]
[BlackElo "1683"]
[PlyCount "38"]
[EventDate "2019.07.20"]
[EventType "swiss"]
[EventRounds "10"]
[EventCountry "DEN"]
[SourceTitle "CBM 191 Extra"]
[Source "ChessBase"]
[SourceDate "2019.09.30"]
[SourceVersion "1"]
[SourceVersionDate "2019.09.30"]
[SourceQuality "1"]

1. e4 e5 2. Ne2 Bc5 3. f4 d6 4. d3 Nf6 5. Nbc3 Nc6 6. h3 Nh5 7. g3 0-0 8. Bg2 Nxg3 9. Nxg3 Qh4 10. Qf3 Nd4 11. Qf2 Nf5 12. exf5 Bxf2+ 13. Kxf2 exf4 14. Rf1 fxg3+ 15. Kg1 Re8 16. Nd5 Re2 17. Rf4 Qd8 18. Be4 c6 19. Nc3 Qb6+ 0-1

[Event "Helsingor Xtracon op"]
[Site "Helsingor"]
[Date "2019.07.26"]
[Round "8"]
[White "Hojgaard, Brandur"]
[Black "Vehl, Tina"]
[Result "0-1"]
[WhiteElo "1683"]
[BlackElo "1823"]
[PlyCount "80"]
[EventDate "2019.07.20"]
[EventType "swiss"]
[EventRounds "10"]
[EventCountry "DEN"]
[SourceTitle "CBM 191 Extra"]
[Source "ChessBase"]
[SourceDate "2019.09.30"]
[SourceVersion "1"]
[SourceVersionDate "2019.09.30"]
[SourceQuality "1"]

1. d4 d5 2. Nf3 Nf6 3. Bf4 c5 4. c3 Nc6 5. e3 Qb6 6. Qb3 c4 7. Qc2 Bf5 8. Qc1 e6 9. Nbd2 Be7 10. Be2 0-0 11. Nh4 Be4 12. Nxe4 Nxe4 13. Nf3 Rfc8 14. 0-0 Qd8 15. Nd2 f5 16. Nxe4 fxe4 17. f3 exf3 18. Bxf3 Bf6 19. e4 Qd7 20. Qd2 Re8 21. Rad1 b5 22. Qf2 a5 23. a3 b4 24. axb4 axb4 25. Ra1 bxc3 26. bxc3 Na5 27. g3 Nb3 28. Rxa8 Rxa8 29. Qg2 Rd8 30. exd5 exd5 31. Re1 h6 32. Be5 Bg5 33. Bf4 Bf6 34. Qf2 Rf8 35. h4 Qf5 36. Qe2 Bxd4+ 37. cxd4 Nxd4 38. Qd1 Nxf3+ 39. Qxf3 g5 40. Re5 Qxe5 0-1

[Event "Helsingor Xtracon op"]
[Site "Helsingor"]
[Date "2019.07.20"]
[Round "1"]
[White "Guindy, Esmat Susanne"]
[Black "Hojgaard, Brandur"]
[Result "1-0"]
[WhiteElo "2132"]
[BlackElo "1683"]
[PlyCount "59"]
[EventDate "2019.07.20"]
[EventType "swiss"]
[EventRounds "10"]
[EventCountry "DEN"]
[SourceTitle "CBM 191 Extra"]
[Source "ChessBase"]
[SourceDate "2019.09.30"]
[SourceVersion "1"]
[SourceVersionDate "2019.09.30"]
[SourceQuality "1"]

1. d4 Nf6 2. c4 e6 3. Nf3 c5 4. Nc3 cxd4 5. Nxd4 Nc6 6. g3 Bb4 7. Bg2 Qa5 8. Nxc6 Bxc3+ 9. bxc3 dxc6 10. Qb3 0-0 11. 0-0 Qc7 12. c5 e5 13. Rb1 Rb8 14. Qa4 a6 15. Bg5 Nd5 16. Rfc1 f6 17. Bd2 Be6 18. Rb2 Rbe8 19. c4 Ne7 20. Ba5 Qb8 21. Rcb1 Bc8 22. Bxc6 Nxc6 23. Qxc6 bxc6 24. Rxb8 Be6 25. R8b4 Kf7 26. Bc7 Bd7 27. Rb7 Ke6 28. Rd1 Rf7 29. Bb6 Ree7 30. Bd8 1-0

[Event "Runavik op"]
[Site "Runavik"]
[Date "2018.11.14"]
[Round "4"]
[White "Hojgaard, Brandur"]
[Black "Kjartansson, Gudmundur"]
[Result "0-1"]
[WhiteElo "1708"]
[BlackElo "2423"]
[PlyCount "76"]
[EventDate "2018.11.12"]
[EventType "swiss"]
[EventRounds "9"]
[EventCountry "FAI"]
[SourceTitle "CBM 187 Extra"]
[Source "ChessBase"]
[SourceDate "2018.11.04"]
[SourceVersion "1"]
[SourceVersionDate "2018.11.04"]
[SourceQuality "1"]

1. Nf3 Nf6 2. d4 g6 3. Bf4 d6 4. e3 Bg7 5. Nbd2 0-0 6. Bd3 c5 7. c3 cxd4 8. exd4 Nc6 9. Qc2 e5 10. dxe5 dxe5 11. Bg5 h6 12. Bh4 Qc7 13. 0-0 Be6 14. Rfe1 Rfe8 15. Bg3 Nh5 16. Rad1 Nxg3 17. hxg3 f5 18. Bb5 e4 19. Nh2 Nd4 20. Qa4 Nxb5 21. Qxb5 a6 22. Qa4 b5 23. Qc2 b4 24. c4 Rad8 25. b3 Bc3 26. Rf1 Bd4 27. Nb1 e3 28. Nf3 exf2+ 29. Kh2 Ba7 30. Rxd8 Rxd8 31. Rxf2 Bxf2 32. Qxf2 f4 33. gxf4 Qxf4+ 34. g3 Qf5 35. Nbd2 Rxd2 36. Qxd2 Qxf3 37. Qd8+ Kg7 38. Qe7+ Qf7 0-1

[Event "FAI-chT2 1718"]
[Site "Faroe Islands"]
[Date "2018.01.20"]
[Round "4.2"]
[White "Hojgaard, Brandur"]
[Black "Apol, Luitjen Akselsson"]
[Result "0-1"]
[WhiteElo "1747"]
[BlackElo "1579"]
[PlyCount "68"]
[EventDate "2017.10.22"]
[EventType "team-tourn"]
[EventRounds "10"]
[EventCountry "FAI"]
[SourceTitle "EXT 2020"]
[Source "ChessBase"]
[SourceDate "2019.10.17"]
[SourceVersion "1"]
[SourceVersionDate "2019.10.17"]
[SourceQuality "1"]
[WhiteTeam "Runavik"]
[BlackTeam "Havnin IV"]
[WhiteTeamCountry "FAI"]
[BlackTeamCountry "FAI"]

1. d4 Nf6 2. Nf3 g6 3. Bf4 Bg7 4. e3 d6 5. Nbd2 0-0 6. Bd3 Nc6 7. c3 e5 8. Bg3 Nh5 9. Qc2 f5 10. dxe5 dxe5 11. Bc4+ Kh8 12. 0-0-0 Qe7 13. Bh4 Nf6 14. h3 Bd7 15. Nh2 Rab8 16. g4 b5 17. Bd3 e4 18. Be2 b4 19. c4 a5 20. gxf5 Bxf5 21. Ng4 Ra8 22. Nxf6 Bxf6 23. Bxf6+ Rxf6 24. Nf1 a4 25. Qd2 Rd6 26. Qe1 a3 27. Rxd6 cxd6 28. Qd2 Qe5 29. Kb1 Be6 30. Qc2 Na5 31. Nd2 d5 32. b3 Rc8 33. Rc1 dxc4 34. Bxc4 Nxc4 0-1

[Event "Helsingor Xtracon op"]
[Site "Helsingor"]
[Date "2017.07.26"]
[Round "6"]
[White "Hojgaard, Brandur"]
[Black "Kristensen, Thomas Overgaard"]
[Result "1-0"]
[WhiteElo "1747"]
[BlackElo "1610"]
[PlyCount "39"]
[EventDate "2017.07.22"]
[EventType "swiss"]
[EventRounds "10"]
[EventCountry "DEN"]
[SourceTitle "CBM 179 Extra"]
[Source "ChessBase"]
[SourceDate "2017.08.23"]
[SourceVersion "1"]
[SourceVersionDate "2017.08.23"]
[SourceQuality "1"]

1. d4 d5 2. Nf3 Nf6 3. c4 e6 4. Nc3 Nbd7 5. e3 c6 6. Bd3 dxc4 7. Bxc4 Bd6 8. 0-0 0-0 9. e4 e5 10. Bg5 Re8 11. Re1 Nb6 12. dxe5 Nxc4 13. exd6 Bg4 14. Qd4 Bxf3 15. Qxc4 Re5 16. Bf4 Nd7 17. gxf3 Rh5 18. Bg3 Qg5 19. e5 Nb6 20. Qg4 1-0

[Event "FAI-chT3 1617"]
[Site "Faroe Islands"]
[Date "2017.03.18"]
[Round "9.1"]
[White "Poulsen, Poul"]
[Black "Hojgaard, Brandur"]
[Result "1-0"]
[WhiteElo "1606"]
[BlackElo "1793"]
[PlyCount "75"]
[EventDate "2016.10.23"]
[EventType "team-tourn"]
[EventRounds "9"]
[EventCountry "FAI"]
[SourceTitle "EXT 2020"]
[Source "ChessBase"]
[SourceDate "2019.10.17"]
[SourceVersion "1"]
[SourceVersionDate "2019.10.17"]
[SourceQuality "1"]
[WhiteTeam "Havnin V"]
[BlackTeam "Runavik"]
[WhiteTeamCountry "FAI"]
[BlackTeamCountry "FAI"]

1. e4 e5 2. Nf3 Nc6 3. Bc4 Nf6 4. d4 exd4 5. Nxd4 Nxd4 6. Qxd4 b6 7. e5 Bc5 8. Qf4 Qe7 9. 0-0 Ng8 10. Nc3 Bb7 11. Bd5 Bxd5 12. Nxd5 Qd8 13. b4 Ne7 14. Nf6+ gxf6 15. Qxf6 Ng6 16. bxc5 Qxf6 17. exf6 bxc5 18. Re1+ Kd8 19. Rb1 Re8 20. Rxe8+ Kxe8 21. Bd2 Kd8 22. f4 d6 23. g3 Kd7 24. Kf2 Kc6 25. c4 Re8 26. Kf3 Nf8 27. f5 Nd7 28. Bc3 Nb6 29. g4 Nxc4 30. Kf4 d5 31. Kg5 d4 32. Be1 Nd6 33. Kh6 Nxf5+ 34. gxf5 c4 35. Kg7 c3 36. Kxf7 Rc8 37. Ke7 d3 38. Bxc3 1-0

[Event "FAI-chT3 1617"]
[Site "Faroe Islands"]
[Date "2017.02.12"]
[Round "7.1"]
[White "Hansen, Johan E"]
[Black "Hojgaard, Brandur"]
[Result "1/2-1/2"]
[WhiteElo "1604"]
[BlackElo "1793"]
[PlyCount "88"]
[EventDate "2016.10.23"]
[EventType "team-tourn"]
[EventRounds "9"]
[EventCountry "FAI"]
[SourceTitle "EXT 2020"]
[Source "ChessBase"]
[SourceDate "2019.10.17"]
[SourceVersion "1"]
[SourceVersionDate "2019.10.17"]
[SourceQuality "1"]
[WhiteTeam "Havnin VI"]
[BlackTeam "Runavik"]
[WhiteTeamCountry "FAI"]
[BlackTeamCountry "FAI"]

1. d4 Nf6 2. Nf3 g6 3. e3 Bg7 4. c4 c5 5. Nc3 cxd4 6. Nxd4 0-0 7. Be2 d6 8. 0-0 Nbd7 9. b3 a6 10. Bb2 Ne5 11. Qc2 Bd7 12. Rac1 Rc8 13. Qb1 Qc7 14. Rfd1 Bg4 15. Bxg4 Nexg4 16. h3 Ne5 17. Rd2 b6 18. Rcd1 Qb7 19. Kh1 Rc7 20. a4 Rfc8 21. e4 Ned7 22. f3 Nc5 23. Ba1 Bh6 24. Re2 Nh5 25. Ree1 Rd7 26. Qa2 Rdd8 27. Nd5 e6 28. Ne3 Qe7 29. Nf1 Bf4 30. Ne2 Be5 31. Bxe5 dxe5 32. Qc2 f6 33. g4 Nf4 34. Nxf4 exf4 35. Rxd8+ Rxd8 36. Rd1 e5 37. Rd5 Ne6 38. Nd2 Nd4 39. Qd3 Kf7 40. Rxd8 Qxd8 41. c5 bxc5 42. Qxa6 Qb8 43. Qc4+ Kg7 44. Qxc5 Nxb3 1/2-1/2

[Event "Runavik op"]
[Site "Runavik"]
[Date "2016.11.25"]
[Round "6"]
[White "Hojgaard, Brandur"]
[Black "Apol, Luitjen Akselsson"]
[Result "1-0"]
[WhiteElo "1791"]
[BlackElo "1403"]
[PlyCount "69"]
[EventDate "2016.11.21"]
[EventType "swiss"]
[EventRounds "9"]
[EventCountry "FAI"]
[SourceTitle "CBM 175 Extra"]
[Source "ChessBase"]
[SourceDate "2016.12.12"]
[SourceVersion "1"]
[SourceVersionDate "2016.12.12"]
[SourceQuality "1"]

1. d4 Nf6 2. c4 g6 3. Nc3 Bg7 4. Qc2 0-0 5. e3 d6 6. Nf3 Nbd7 7. Be2 e5 8. 0-0 Re8 9. Rd1 Qe7 10. b3 exd4 11. Nxd4 Nc5 12. Bb2 Nfe4 13. Nd5 Qd8 14. b4 c6 15. bxc5 cxd5 16. cxd6 dxc4 17. Bxc4 Nf6 18. Nb5 Bf5 19. Qb3 Rf8 20. Rac1 a6 21. Nc7 Rb8 22. Nd5 Nxd5 23. Bxd5 Bxb2 24. Qxb2 Qg5 25. Rc7 Bg4 26. Rd2 b5 27. Qb3 Qf6 28. h3 Bf5 29. e4 Bc8 30. d7 Bxd7 31. Rxd7 Qf4 32. Rc2 Qe5 33. Rcc7 Qa1+ 34. Kh2 Qe5+ 35. g3 1-0

[Event "Runavik op"]
[Site "Runavik"]
[Date "2016.11.23"]
[Round "3"]
[White "Hojgaard, Brandur"]
[Black "Nielsen, Hogni Egilstoft"]
[Result "0-1"]
[WhiteElo "1791"]
[BlackElo "2275"]
[PlyCount "79"]
[EventDate "2016.11.21"]
[EventType "swiss"]
[EventRounds "9"]
[EventCountry "FAI"]
[SourceTitle "CBM 175 Extra"]
[Source "ChessBase"]
[SourceDate "2016.12.12"]
[SourceVersion "1"]
[SourceVersionDate "2016.12.12"]
[SourceQuality "1"]

1. d4 Nf6 2. c4 e6 3. Nc3 Bb4 4. a3 Bxc3+ 5. bxc3 c5 6. Qc2 Nc6 7. Nf3 d6 8. Bg5 h6 9. Bxf6 Qxf6 10. e3 0-0 11. Be2 b6 12. Nd2 Na5 13. 0-0 Ba6 14. Rfe1 cxd4 15. cxd4 Rac8 16. Qa4 Qf5 17. Rac1 Rc7 18. Rc3 Rfc8 19. Rec1 Bb7 20. Qb4 Qg5 21. Bf3 Bxf3 22. Nxf3 Qe7 23. Nd2 Rc6 24. Ne4 Nb7 25. Qa4 f5 26. Nd2 Na5 27. Nb3 Nxb3 28. Qxb3 Kf7 29. Qc2 g6 30. h3 Qf6 31. Qd3 R6c7 32. a4 e5 33. a5 bxa5 34. Ra3 exd4 35. exd4 Qg5 36. Rc2 Re8 37. Qd1 Qf4 38. Rf3 Qh4 39. Ra3 Re4 40. Rd3 0-1

[Event "FAI-chT3 1617"]
[Site "Faroe Islands"]
[Date "2016.10.23"]
[Round "1.1"]
[White "Hojgaard, Brandur"]
[Black "Jacobsen, Runi Tindskard"]
[Result "1/2-1/2"]
[WhiteElo "1793"]
[BlackElo "1710"]
[PlyCount "30"]
[EventDate "2016.10.23"]
[EventType "team-tourn"]
[EventRounds "9"]
[EventCountry "FAI"]
[SourceTitle "EXT 2020"]
[Source "ChessBase"]
[SourceDate "2019.10.17"]
[SourceVersion "1"]
[SourceVersionDate "2019.10.17"]
[SourceQuality "1"]
[WhiteTeam "Runavik"]
[BlackTeam "Havnin VII"]
[WhiteTeamCountry "FAI"]
[BlackTeamCountry "FAI"]

1. d4 Nf6 2. Nf3 g6 3. Bf4 Bg7 4. e3 0-0 5. Bd3 c5 6. c3 cxd4 7. exd4 d5 8. Nbd2 Bg4 9. h3 Bxf3 10. Nxf3 Nc6 11. 0-0 e6 12. Re1 Rc8 13. Qd2 Na5 14. Ne5 Nc4 15. Nxc4 dxc4 1/2-1/2

[Event "Reykjavik op"]
[Site "Reykjavik"]
[Date "2015.03.11"]
[Round "3"]
[White "Kravchuk, Mykhaylo"]
[Black "Hojgaard, Brandur"]
[Result "1/2-1/2"]
[WhiteElo "1475"]
[BlackElo "1787"]
[PlyCount "89"]
[EventDate "2015.03.10"]
[EventType "swiss"]
[EventRounds "10"]
[EventCountry "ISL"]
[SourceTitle "CBM 165 Extra"]
[Source "ChessBase"]
[SourceDate "2015.04.21"]
[SourceVersion "1"]
[SourceVersionDate "2015.04.21"]
[SourceQuality "1"]

1. e4 e5 2. f4 Nf6 3. d3 Nc6 4. Nf3 d6 5. Nc3 Be7 6. Be2 Nd4 7. h3 Nh5 8. 0-0 Ng3 9. Rf2 Bh4 10. Nxh4 Qxh4 11. Bg4 h5 12. Bxc8 Rxc8 13. fxe5 dxe5 14. Be3 0-0 15. Bxd4 exd4 16. Ne2 Nxe2+ 17. Qxe2 g6 18. Raf1 Qe7 19. Qf3 Rcd8 20. c3 c5 21. c4 Rd6 22. a3 Re6 23. Qg3 Kg7 24. Rf4 b6 25. b3 Re5 26. Rf6 Qxf6 27. Rxf6 Kxf6 28. Qf4+ Ke6 29. Qh6 Rd8 30. g4 hxg4 31. hxg4 Ke7 32. Qh4+ g5 33. Qh6 Rd6 34. Qg7 Ke6 35. Qh6+ Ke7 36. Qg7 Ke6 37. Qh6+ Ke7 38. Qg7 Rde6 39. Kg2 a5 40. a4 Rf6 41. Qh8 Ree6 42. Qc8 Rf4 43. Qc7+ Kf6 44. Qd8+ Kg6 45. Qg8+ 1/2-1/2

[Event "FAI-chT 1415"]
[Site "Faroe Islands"]
[Date "2015.01.11"]
[Round "6.2"]
[White "Nielsen, Hogni Egilstoft"]
[Black "Hojgaard, Brandur"]
[Result "1-0"]
[WhiteElo "2273"]
[BlackElo "1810"]
[PlyCount "69"]
[EventDate "2014.10.26"]
[EventType "team-tourn"]
[EventRounds "10"]
[EventCountry "FAI"]
[SourceTitle "EXT 2019"]
[Source "ChessBase"]
[SourceDate "2018.10.10"]
[SourceVersion "1"]
[SourceVersionDate "2018.10.10"]
[SourceQuality "1"]
[WhiteTeam "Sandavagur"]
[BlackTeam "Toftir"]
[WhiteTeamCountry "FAI"]
[BlackTeamCountry "FAI"]

1. e4 e5 2. Nf3 Nc6 3. Bc4 Nf6 4. d3 Bc5 5. c3 d6 6. Bb3 h6 7. Nbd2 Qe7 8. h3 Bb6 9. Nf1 Na5 10. Bc2 c5 11. Qe2 Nc6 12. Ne3 Be6 13. Bb3 Bxb3 14. Nf5 Bd1 15. Qxd1 Qf8 16. g4 g6 17. Bxh6 Rxh6 18. Nxh6 0-0-0 19. g5 Nh5 20. Nh4 Nf4 21. Qg4+ Kb8 22. 0-0-0 d5 23. Ng2 Ne6 24. exd5 Rxd5 25. Ne3 Rd7 26. h4 Qe7 27. Qe4 Nf4 28. Ng2 Ne6 29. Ng4 Bc7 30. Nf6 Rd8 31. Ne3 Nf4 32. Ned5 Nxd5 33. Nxd5 Qe6 34. Nxc7 Qxa2 35. Nb5 1-0

[Event "Politiken Cup 36th"]
[Site "Helsingor"]
[Date "2014.07.27"]
[Round "8"]
[White "Karlsson, Ulf"]
[Black "Hojgaard, Brandur"]
[Result "1-0"]
[WhiteElo "1994"]
[BlackElo "1779"]
[PlyCount "49"]
[EventDate "2014.07.21"]
[EventType "swiss"]
[EventRounds "10"]
[EventCountry "DEN"]
[SourceTitle "CBM 161 Extra"]
[Source "ChessBase"]
[SourceDate "2014.08.29"]
[SourceVersion "1"]
[SourceVersionDate "2014.08.29"]
[SourceQuality "1"]

1. b3 e5 2. Bb2 Nc6 3. e3 d5 4. Bb5 Bd6 5. f4 f6 6. Bxc6+ bxc6 7. fxe5 fxe5 8. Bxe5 Qh4+ 9. g3 Qe4 10. Bxg7 Bg4 11. d3 Qxe3+ 12. Ne2 Be5 13. Bxe5 Qxe5 14. Nbc3 Nh6 15. Qd2 0-0-0 16. d4 Qd6 17. 0-0-0 Rde8 18. Rde1 Bf3 19. Rhf1 Be4 20. Nxe4 dxe4 21. Nc3 Qe6 22. Nxe4 Qh3 23. Qd3 Kb7 24. Nc5+ Ka8 25. Qa6 1-0

[Event "Politiken Cup 36th"]
[Site "Helsingor"]
[Date "2014.07.24"]
[Round "5"]
[White "Hojgaard, Brandur"]
[Black "Rimer, Jan"]
[Result "0-1"]
[WhiteElo "1779"]
[BlackElo "2039"]
[PlyCount "64"]
[EventDate "2014.07.21"]
[EventType "swiss"]
[EventRounds "10"]
[EventCountry "DEN"]
[SourceTitle "CBM 161 Extra"]
[Source "ChessBase"]
[SourceDate "2014.08.29"]
[SourceVersion "1"]
[SourceVersionDate "2014.08.29"]
[SourceQuality "1"]

1. e4 c5 2. Nf3 g6 3. Bc4 Nc6 4. 0-0 Bg7 5. c3 e6 6. d4 cxd4 7. cxd4 d5 8. exd5 exd5 9. Bb5 Nge7 10. Ne5 0-0 11. Nxc6 bxc6 12. Ba4 Qb6 13. Be3 Qxb2 14. Qb3 Bxd4 15. Bxd4 Qxd4 16. Nc3 Be6 17. Ne2 Qg4 18. f3 Qg5 19. Rac1 Rab8 20. Qa3 Bd7 21. Rc5 Nf5 22. Bxc6 Ne3 23. Rf2 Bxc6 24. Rxc6 Rb1+ 25. Rc1 Nc4 26. Qxf8+ Kxf8 27. Rxb1 Qd2 28. Ng3 Qd3 29. Re1 a5 30. h4 h5 31. Ne2 Qe3 32. Rd1 Nb2 0-1

[Event "Politiken Cup 36th"]
[Site "Helsingor"]
[Date "2014.07.23"]
[Round "4"]
[White "Hojgaard, Brandur"]
[Black "Rasmussen, Lars Garne"]
[Result "1-0"]
[WhiteElo "1779"]
[BlackElo "1984"]
[PlyCount "85"]
[EventDate "2014.07.21"]
[EventType "swiss"]
[EventRounds "10"]
[EventCountry "DEN"]
[SourceTitle "CBM 161 Extra"]
[Source "ChessBase"]
[SourceDate "2014.08.29"]
[SourceVersion "1"]
[SourceVersionDate "2014.08.29"]
[SourceQuality "1"]

1. d4 d5 2. Nf3 Nf6 3. Bf4 c5 4. c3 Qb6 5. Qc2 cxd4 6. cxd4 Nc6 7. e3 Bd7 8. a3 Rc8 9. Nc3 e6 10. Bd3 Ne4 11. Bxe4 dxe4 12. Nd2 f5 13. 0-0 Ne7 14. Qb1 Ng6 15. Bg3 Bd6 16. Rc1 0-0 17. b4 Bxg3 18. hxg3 Ne7 19. Qb3 Rf6 20. Nc4 Qc7 21. Ne5 Nd5 22. Ne2 Qd8 23. Nf4 Nxf4 24. gxf4 Rh6 25. g3 Bb5 26. Qd1 Qe8 27. Rxc8 Qxc8 28. a4 Bc6 29. Rc1 Qe8 30. b5 Bd5 31. Rc7 Rf6 32. Qc1 Rf8 33. Qc5 Kh8 34. Qxa7 h6 35. Qc5 Kh7 36. a5 Rg8 37. b6 Qa8 38. Kg2 Kh8 39. Qe7 Qxa5 40. Qf7 Qxb6 41. Rd7 Bc6 42. Qg6 Bxd7 43. Nf7# 1-0